000 00666nam a2200265Ia 4500
005 20260121172048.0
008 008 260114s9999 xx 000 0 eng d
020 _a9783030476304
037 _aEBOOK
040 _aCRL
040 _beng
040 _cCRL
041 _2eng
041 _aeng
084 _qCRL
100 _aAndreas Linderholt, Matt Allen, Walter D'Ambrogio
_91083805
245 0 _aDynamic Substructures, Volume 4
260 _bSpringer
260 _bSpringer
260 _c2021
856 _uhttps://link.springer.com/openurl?genre=book&isbn=978-3-030-47630-4
942 _cEBOOK
999 _c1649539
_d1649539